मुन्ने की परेशानी (Record no. 2091)

MARC details
000 -LEADER
fixed length control field 01080 a2200217 4500
005 - DATE AND TIME OF LATEST TRANSACTION
control field 20080910124051.0
008 - FIXED-LENGTH DATA ELEMENTS--GENERAL INFORMATION
fixed length control field 080910t xxu||||| |||| 00| 0 hin d
010 ## - LIBRARY OF CONGRESS CONTROL NUMBER
LC control number HIN-79454
020 ## - INTERNATIONAL STANDARD BOOK NUMBER
International Standard Book Number 8188069175
Terms of availability 150.00
035 ## - SYSTEM CONTROL NUMBER
System control number HN-51800
037 ## - SOURCE OF ACQUISITION
Source of stock number/acquisition D.B.Act / pub
082 ## - DEWEY DECIMAL CLASSIFICATION NUMBER
Classification number 649.1
100 ## - MAIN ENTRY--PERSONAL NAME
Personal name बधेका, गिजुभाई
245 ## - TITLE STATEMENT
Title मुन्ने की परेशानी
Statement of responsibility, etc गिजुभाई बधेका
246 ## - VARYING FORM OF TITLE
Title proper/short title Munane ke parasani
Remainder of title by Gejubhi Badhik
260 ## - PUBLICATION, DISTRIBUTION, ETC. (IMPRINT)
Place of publication, distribution, etc दिल्ली
Name of publisher, distributor, etc स्वराज्य मंदिर प्रकाशन
Date of publication, distribution, etc 2007
270 ## - ADDRESS
Address ब्लाक सी-8, मकान नं.-174, यमुना विहार
City दिल्ली
Postal code 110053
300 ## - PHYSICAL DESCRIPTION
Extent 144पृ
Other physical details सचित्र
Dimensions 22 सेमी (सजिल्द)
942 ## - ADDED ENTRY ELEMENTS (KOHA)
Institution code [OBSOLETE] dpl
Koha item type Hindi Books
Call number prefix 649.1/ बधेका
Source of classification or shelving scheme Dewey Decimal Classification
Classification part 649.1
Call number suffix बधेका
Holdings
Withdrawn status Lost status Damaged status Not for loan Home library Current library Date acquired Cost, normal purchase price Total Checkouts Full call number Barcode Date last seen Copy number Uniform Resource Identifier Cost, replacement price Price effective from Koha item type
        D.B.Act.Division D.B.Act.Division 10/09/2008 150.00   649.1 बधेका HN-51800 15/09/2008 1 2210 150.00 15/09/2008 Hindi Books

© Delhi Public Library
Hit Counter
free hit counter